| 000 | 00785nas a2200253 4500 | ||
|---|---|---|---|
| 001 | BR9702657 | ||
| 003 | BR-BrBNA | ||
| 005 | 20231205100223.0 | ||
| 007 | ta | ||
| 008 | 230509b bl.|||p| |||| 00| 00por d | ||
| 040 |
_aBR-BrBNA _bpor _cBiblioteca Nacional de Agricultura |
||
| 041 | _a(Pt) | ||
| 072 | _aH20 | ||
| 100 | 1 | _aMendes-Costa, M.C. | |
| 100 | 1 | _aMendonca, H.A. de | |
| 245 | 1 | _aMorfologia, crescimento e producao de conidios de Colletotrichum lindemuthianum em diferentes meios de cultura | |
| 650 | _aFeijao | ||
| 650 | _aAntracnose | ||
| 650 | _aConidio | ||
| 650 | _aMeio de Cultura | ||
| 773 | 0 |
_tCiencia e Agrotecnologia (Brazil) _xISSN 1413-7054 _g(1996), v. 20(4) p. 475-479 _wBR9702657 |
|
| 909 |
_a202311 _bLúcia _c55 _dLúcia Elande |
||
| 942 |
_2AGRIS _n0 _cANA |
||
| 999 |
_c154812 _d154812 |
||